| 000 | 00475nam a22001577a 4500 | ||
|---|---|---|---|
| 020 | _a81-204-1026-2 | ||
| 082 |
_a624.193 _bPON _cL-38,P-42 |
||
| 100 |
_aPennuswamy S _943357 |
||
| 245 |
_aTransportation tunnels _cPennuswamy S |
||
| 260 |
_aCalcutta. _bOxford & IBH Publishing co. PVT. Ltd, _c1996. |
||
| 300 |
_a182p.: _bill.; _c14 cm. |
||
| 526 |
_a0 _b0 _c0 _d624_193000000000000_PON |
||
| 526 |
_a0 _b0 _c0 _d624_193000000000000_PON |
||
| 650 |
_aMCE _9379 |
||
| 942 |
_2ddc _cBK |
||
| 999 |
_c547176 _d547176 |
||